Berichte zur Geschichte von drei Bauernhöfen im Kreis Treuburg in der Ostpreußischen Zeitung 1934
| Titel: | Berichte zur Geschichte von drei Bauernhöfen im Kreis Treuburg in der Ostpreußischen Zeitung 1934 : mit einer Nachbemerkung von Wolfgang Brozio / Wiltrud Flothow |
|---|---|
| Verfasser: | |
| In: |
Altpreußische Geschlechterkunde, Band 42 (2012), Seite 222-226 alle Artikel anzeigen |
| Veröffentlicht: | 2012 |
| Format: | Aufsatz |
| Sprache: | Deutsch |
X
alg: 42400321 001A $03025:15-12-17 001B $06060:13-10-20 $t17:16:31.000 001C $03025:15-12-17 $t09:13:38.000 001D $03025:15-12-17 001U $0utf8 001X $00 002@ $0Aou 002C $aText $btxt $2rdacontent 002D $aohne Hilfsmittel zu benutzen $bn $2rdamedia 002E $aBand $bnc $2rdacarrier 003@ $042400321X 007A $042400321X $aHEB 010@ $ager 010E $erda 011@ $a2012 021A $aBerichte zur Geschichte von drei Bauernhöfen im Kreis Treuburg in der Ostpreußischen Zeitung 1934 $dmit einer Nachbemerkung von Wolfgang Brozio $hWiltrud Flothow 028A $BVerfasser $4aut $7 $8Flothow, Wiltrud [Tnu] $9423503731 031A $d42 $h222-226 $j2012 039B $aEnthalten in $8--Abvc--. Altpreußische Geschlechterkunde. - Hamburg : Verein für Familienforschung in Ost- und Westpreussen, 1927-2020. - ISSN 0344-5593 $x201200000420000778 $904779495X 044K $RTreuburg $#Alėcka $#Oletzko $#Treuburg $75057929-0 $8Olecko [Tg1] $9044725175 044K $#Ostpreußen $#Ostpreußen $#Provinz Ostpreußen $74075754-7 $8Ostpreußen [Tg1] $9085214493 044K $RPresse $RFortlaufendes Sammelwerk $#Newspapers $#Newspapers Sections, columns, etc. $#Journaux $#Journaux Cahiers, chroniques, etc. $#Giornali $#Artículos periodísticos $#Periódicos $#newspapers $#Zeitung $#Zeitung $#Tagespresse $#Tageszeitung $#Gazette $#Zeitungen $74067510-5 $8Zeitung [Ts1] $9085189790 044K $RLandwirtschaftlicher Betrieb $RLandwirtschaftliche Siedlung $#Farms $#Exploitations agricoles $#Explotaciones agrícolas $#Gehöft $#Hof Bauernhof $#Hofgut $#Bauernhöfe $74004770-2 $8Bauernhof [Ts1] $9085004642 045R $aGeschichte 1934 045T $a8,1 $a9,10 lok: 42400321 78 exp: 42400321 78 1 #EPN 201B/01 $015-12-17 $t09:12:31.000 201C/01 $015-12-17 201U/01 $0utf8 203@/01 $01012980553 208@/01 $a15-12-17 $be 209A/01 $a/ $f000 $x00 209A/01 $ab*p $x01 220C/01 $awma 244Z/01 $#Preußen $#Preußen $#Brandenburg-Preußen $#Königreich Preußen $#Preußische Staaten $#Preußischer Staat $#Der @Preußische Staat $#Königlich Preußische Staaten $#Prusy Królewskie $#Königlich Preußen $#Prussia $74047194-9 $8--Tg1--Preußen $x11 $9085131652 247C/01 $82080>Marburg/Lahn, Herder-Institut, Forschungsbibliothek, Bibliographieportal $9336309341
| LEADER | 00000caa a2200000 c 4500 | ||
|---|---|---|---|
| 001 | 42400321X | ||
| 003 | DE-603 | ||
| 005 | 20201013171631.0 | ||
| 007 | tu | ||
| 008 | 171215s2012 xx |||| | u00||u|ger c | ||
| 035 | |a (DE-599)HEB42400321X | ||
| 040 | |a DE-603 |b ger |c DE-603 |d DE-603 |e rda | ||
| 041 | |a ger | ||
| 084 | |a 8,1 |a 9,10 |2 ssgn | ||
| 100 | 1 | |a Flothow, Wiltrud |e Verfasser |4 aut |0 (DE-603)423503731 | |
| 245 | 0 | 0 | |a Berichte zur Geschichte von drei Bauernhöfen im Kreis Treuburg in der Ostpreußischen Zeitung 1934 |b mit einer Nachbemerkung von Wolfgang Brozio |c Wiltrud Flothow |
| 264 | 0 | |c 2012 | |
| 336 | |a Text |b txt |2 rdacontent | ||
| 337 | |a ohne Hilfsmittel zu benutzen |b n |2 rdamedia | ||
| 338 | |a Band |b nc |2 rdacarrier | ||
| 648 | 7 | |a Geschichte 1934 |2 gnd | |
| 650 | 7 | |a Zeitung |0 (DE-588)4067510-5 |0 (DE-603)085189790 |2 gnd | |
| 650 | 7 | |a Bauernhof |0 (DE-588)4004770-2 |0 (DE-603)085004642 |2 gnd | |
| 651 | 7 | |a Olecko |0 (DE-588)5057929-0 |0 (DE-603)044725175 |2 gnd | |
| 651 | 7 | |a Ostpreußen |0 (DE-588)4075754-7 |0 (DE-603)085214493 |2 gnd | |
| 773 | 0 | 8 | |i Enthalten in |t Altpreußische Geschlechterkunde |d Hamburg : Verein für Familienforschung in Ost- und Westpreussen, 1927-2020 |x 0344-5593 |g Band 42 (2012), Seite 222-226 |w (DE-603)04779495X |w (DE-600)532741-6 |
| 924 | 0 | |9 2080 |a (DE-603)1012980553 |b DE-2080 |c HES |d d |g / | |


